Регионална библиотека "Любен Каравелов" - Русе

Учебни задачи по бързопис (Запис номер 15339)

MARC детайли
000 -Лидер
Контролно поле с фиксирана дължина 01596nam a2200325 c 4500
003 - Код на организацията, давaща контролен номер
Контролно поле BLK
005 - Дата и час на последна редакция
Контролно поле 20210526110002.0
008 - Елементи от данни с фиксирана дължина
fixed length control field 180413b bul|||||r ||||||| ||bul||
010 ## - Наследен системен номер
LC control number KNG00017115000
040 ## - Източник на каталожния запис
Идентификатор на билиотеката - собственик на записа BLK
041 ## - Код за език
Код за езика на текст/звукозапис или на отделно заглавие Български
Код за езика КДБФ Български
080 ## - УДК
Текстов определител УДК Писма. Размножаване. Машинопис. Преводи. Стенография
УДК код - определител по УДК 003.27
УДК определител (072)
УДК - код + определител 003.27(072)
100 1# - Редна дума - Автор
Автор Железаров, Ангел Георгиев
Авторска отговорност първи автор
R(LIN) 248404
139 ## - Редно поле
Редна дума Железаров, Ангел Георгиев
Авторски знак Желе - Ж 34
245 10 - Сведения за заглавието
Заглавие Учебни задачи по бързопис
Редно поле (дума) Ангел Георгиев Железаров.
257 ## - Страна на издаване
Страна на създаване/издаване България
260 ## - Област на издателските данни
Име на издателя, разпространителя и проч. ЦИУУ
Година на издаване 1995
300 ## - Физическа характеристика
Страници 96 с.
Илюстрации и др. с табл.
Размери/Мащаб 20 см
380 ## - Жанр
Жанр Общ отдел
500 ## - Общи забележки
Забележка Изд. на СУ Св. Климент Охридски. ЦИУУ. - 1 000 тир.
650 #4 - Допълнително описание по предмет – тема
Основно описание – тема или топоним Машинопис - методика на преподаването - в средните училища
9 (RLIN) 246145
650 #4 - Допълнително описание по предмет – тема
Основно описание – тема или топоним Стенография - методика на преподаването - в средните училища
9 (RLIN) 246144
650 #4 - Допълнително описание по предмет – тема
Основно описание – тема или топоним Търговска кореспонденция - методика на преподаването - в средните училища
9 (RLIN) 260150
653 ## - Ключова дума – ненормативна
Ключова дума задачи
852 ## - Местоположение
Форматна сигнатура Цб 192581
856 4# - Електронен адрес и достъп
Електронен формат pdf - файл
Път до файла /url/
856 4# - Електронен адрес и достъп
Електронен формат pdf - файл
Път до файла /url/
999 ## - СИСТЕМНИ КОНТРОЛНИ НОМЕРА
Koha biblionumber 15339
Koha biblioitemnumber 15339
942 ## - АРТИКУЛИ
Вид на библиотечния материал Книги
Скрит в OPAC Не
Периодичен библиозапис Да
Koha issues (borrowed), all copies 1
944 ## - СЪЗДАВАНЕ И РЕДАКЦИЯ на ЗАПИСА
Създаване/Редакция Създаване
Дата на регистрацията/редакция 15.01.2003
Служител, извършил регистрацията/редакцията AB_DOS
944 ## - СЪЗДАВАНЕ И РЕДАКЦИЯ на ЗАПИСА
Създаване/Редакция Редакция
Дата на регистрацията/редакция 09.02.2018
Служител, извършил регистрацията/редакцията Теодора_Стоянова
999 ## - СИСТЕМНИ КОНТРОЛНИ НОМЕРА
Koha biblioitemnumber 15339
999 ## - СИСТЕМНИ КОНТРОЛНИ НОМЕРА
Koha biblioitemnumber 15339
Наличности
Код за отписване Код за изгубен артикул Източник на класификационната схема Код за повреда Коз за рестрикции Код за отдаване Артикулен № Име на библиотеката - собственик Име на библиотеката, в която се намира в момента Статус (Текущо местоположение) Дата на вписване в системата Местоположение - отдел Цена в лева Инвентарен номер Систематично азбучна сигнатура Баркод Номер на екземпляра Цена в евро Служебна бележка Служебен тип на артикула
  Не е изгубен Universal Decimal Classification Не е повреден без рестрикции ползва се в читалня 26057 Регионална библиотека "Любен Каравелов" Русе Регионална библиотека "Любен Каравелов" Русе Хранилище 2001-01-01 Хранилище 0.08 631946 Цб 192581 120000631946 1 0.04 N: стар фонд Дата: 01.01.1995 Книги
  Не е изгубен Universal Decimal Classification Не е повреден без рестрикции заемане за дома 26058 Регионална библиотека "Любен Каравелов" Русе Регионална библиотека "Любен Каравелов" Русе Заемна - подръчен фонд 2001-01-01 Заемна - подръчен фонд 0.47 623086 003.27/Ж 34 120000623086 2 0.24 N: стар фонд Дата: 01.01.1995 Дата инв: 09.02.2018 Бележки инв: П2018 Книги
Vip Innovations Ltd, Rousse, Bulgaria 2025